[Event "26th WSCC 2016 Open 65+"]
[Site "Marianske Lazne, Czech Republic - Hotel Cristal and Continental"]
[Date "2016.11.23"]
[Round "5.32"]
[White "Leitner, Walter"]
[Black "Braun, Gottfried"]
[Result "1-0"]
[WhiteElo "2039"]
[BlackElo "2242"]
[PlyCount "57"]
[EventDate "2016.11.19"]

1. d4 d6 2. Bf4 Nf6 3. e3 g6 4. h3 Bg7 5. Nf3 O-O 6. Bd3 Nc6 7. Bh2 Nd7 8. c3
e5 9. O-O Qe7 10. Nbd2 Nf6 11. dxe5 dxe5 12. Qc2 Bd7 13. Rad1 Rfe8 14. Ne4 Nxe4
15. Bxe4 f5 16. Bd5+ Kh8 17. b4 e4 18. Bxc6 Bxc6 19. Nd4 Bd7 20. Bxc7 Rec8 21.
Bg3 a5 22. Qb2 Qf7 23. a3 Qc4 24. Rc1 Ba4 25. bxa5 Qa6 26. Qb4 Bc6 27. Ne6 Bf6
28. Bh4 Be5 29. Qe7 1-0

[Event "26th WSCC 2016 Open 65+"]
[Site "Marianske Lazne, Czech Republic - Hotel Cristal and Continental"]
[Date "2016.11.23"]
[Round "5.33"]
[White "Huelsmann, Josef"]
[Black "Racek, Jiri"]
[Result "1-0"]
[WhiteElo "2219"]
[BlackElo "2018"]
[PlyCount "85"]
[EventDate "2016.11.19"]

1. d4 Nf6 2. Bg5 g6 3. Bxf6 exf6 4. e3 Bg7 5. c4 d5 6. cxd5 Qxd5 7. Nc3 Qa5 8.
g3 O-O 9. Bg2 c6 10. Nge2 Be6 11. O-O Na6 12. a3 Bc4 13. b3 Bxe2 14. Nxe2 f5
15. b4 Qc7 16. Rc1 Rac8 17. Qa4 Qb6 18. Rc2 Rfd8 19. Rfc1 Nc7 20. Nf4 Bh6 21.
Nd3 Nd5 22. Bxd5 Rxd5 23. Qb3 Qd8 24. b5 Qb6 25. Qxd5 cxd5 26. Rxc8+ Kg7 27.
Ne5 Qxb5 28. R8c7 Bxe3 29. Rxf7+ Kh6 30. Rcc7 Kh5 31. Rxh7+ Bh6 32. Rxb7 Qe2
33. Rb1 g5 34. h3 g4 35. hxg4+ fxg4 36. Rc1 Qe4 37. Rh8 Qxd4 38. Rc6 Qd1+ 39.
Kg2 Kg5 40. Rhxh6 Kf5 41. Rh5+ Ke4 42. Re6 d4 43. Nc4+ 1-0

[Event "26th WSCC 2016 Open 65+"]
[Site "Marianske Lazne, Czech Republic - Hotel Cristal and Continental"]
[Date "2016.11.23"]
[Round "5.34"]
[White "Karlik, Vladimir"]
[Black "Hastik, Svatopluk"]
[Result "1-0"]
[WhiteElo "2217"]
[BlackElo "2023"]
[PlyCount "35"]
[EventDate "2016.11.19"]

1. d4 d5 2. Bg5 Nf6 3. e3 e6 4. Nd2 Be7 5. Bd3 O-O 6. Ngf3 Nbd7 7. c3 h6 8. Bf4
c5 9. Ne5 Re8 10. O-O Nf8 11. Qf3 Bd6 12. Bxh6 gxh6 13. Qg3+ Ng6 14. Bxg6 Bxe5
15. dxe5 Nd7 16. Bd3+ Qg5 17. f4 Qg7 18. Qh4 1-0

[Event "26th WSCC 2016 Open 65+"]
[Site "Marianske Lazne, Czech Republic - Hotel Cristal and Continental"]
[Date "2016.11.23"]
[Round "5.35"]
[White "Vladimirsky, Mark"]
[Black "Wahlbom, Magnus"]
[Result "1-0"]
[WhiteElo "2023"]
[BlackElo "2215"]
[PlyCount "75"]
[EventDate "2016.11.19"]

1. Nf3 Nf6 2. g3 b6 3. Bg2 Bb7 4. O-O c5 5. c4 e6 6. d4 cxd4 7. Nxd4 Bxg2 8.
Kxg2 Qc7 9. b3 a6 10. Bb2 Be7 11. Nc3 Qb7+ 12. f3 O-O 13. e4 d6 14. Qe2 Nbd7
15. Rad1 Rfe8 16. h3 Bf8 17. Kh2 g6 18. Nc2 Rac8 19. Rd2 d5 20. e5 Nh5 21. cxd5
exd5 22. f4 f6 23. Qg2 fxe5 24. Nxd5 e4 25. Nce3 Bg7 26. Bxg7 Kxg7 27. g4 Nhf6
28. g5 Nxd5 29. Rxd5 Rc5 30. Qb2+ Kg8 31. Rxc5 Nxc5 32. Ng4 Qg7 33. Nf6+ Kh8
34. Qd4 a5 35. Rd1 Rf8 36. Qd6 e3 37. Re1 Rc8 38. Rxe3 1-0

[Event "26th WSCC 2016 Open 65+"]
[Site "Marianske Lazne, Czech Republic - Hotel Cristal and Continental"]
[Date "2016.11.23"]
[Round "5.36"]
[White "Sobolevsky, Leonid"]
[Black "Gromark, Per-Olof"]
[Result "1-0"]
[WhiteElo "2207"]
[BlackElo "2015"]
[PlyCount "105"]
[EventDate "2016.11.19"]

1. e4 c5 2. Nf3 e6 3. d4 cxd4 4. Nxd4 Nc6 5. Nc3 Qc7 6. Be3 a6 7. Bd3 Nf6 8. a3
Nxd4 9. Bxd4 Bc5 10. Be2 d6 11. Qd3 Bxd4 12. Qxd4 e5 13. Qc4 Qxc4 14. Bxc4 Be6
15. Bxe6 fxe6 16. O-O-O Ke7 17. f3 Rac8 18. Rd3 b5 19. Rhd1 Rc6 20. Na2 a5 21.
Rb3 Rb8 22. Rdd3 Nd7 23. Rbc3 Rbc8 24. Rxc6 Rxc6 25. Rc3 Nb8 26. Rb3 Rb6 27. c4
Rc6 28. Rxb5 Rxc4+ 29. Nc3 Nc6 30. Rb7+ Kf6 31. Rd7 Nd4 32. Rxd6 Ke7 33. Ra6
Nb3+ 34. Kc2 Nd4+ 35. Kd3 Rc5 36. Ra7+ Kf6 37. Rb7 Rc6 38. Ne2 Nxe2 39. Kxe2
Rc2+ 40. Kf1 a4 41. h4 h5 42. Kg1 g5 43. hxg5+ Kxg5 44. Kh2 Kh4 45. Rb4 Rd2 46.
Rxa4 Rxb2 47. Ra8 Kg5 48. a4 Ra2 49. a5 Kf4 50. a6 h4 51. a7 Ke3 52. Kh3 Kf2
53. Kxh4 1-0

[Event "26th WSCC 2016 Open 65+"]
[Site "Marianske Lazne, Czech Republic - Hotel Cristal and Continental"]
[Date "2016.11.23"]
[Round "5.37"]
[White "Roeder, Gerd"]
[Black "Olesen, Poul Erik Norgaard"]
[Result "1-0"]
[WhiteElo "2207"]
[BlackElo "1998"]
[PlyCount "127"]
[EventDate "2016.11.19"]

1. e4 e5 2. Nc3 Nc6 3. Bc4 g6 4. d3 Bg7 5. Qf3 Nf6 6. Nge2 h6 7. a3 d6 8. Be3
Bg4 9. Qg3 Qd7 10. h3 Be6 11. Bxe6 Qxe6 12. O-O Nh5 13. Qg4 Qxg4 14. hxg4 Nf6
15. f3 a6 16. Rad1 O-O 17. g3 Rad8 18. Kg2 Nd4 19. Nxd4 exd4 20. Bxd4 Nxg4 21.
Bg1 Nf6 22. Be3 h5 23. Bg5 Rd7 24. d4 c6 25. e5 Nh7 26. Bf4 g5 27. Bc1 dxe5 28.
dxe5 Rxd1 29. Rxd1 Bxe5 30. Ne4 f5 31. Nxg5 Nxg5 32. Bxg5 Bxb2 33. Rb1 Bxa3 34.
Rxb7 a5 35. Rc7 Bb2 36. Rxc6 Re8 37. Ra6 Bc3 38. Kh3 Re2 39. Rc6 Bb2 40. Rc4
Re5 41. Bf6 Rb5 42. Bxb2 Rxb2 43. Kh4 Kf7 44. Kxh5 Ke6 45. Rc5 a4 46. Kg5 a3
47. Rxf5 a2 48. Rf6+ Kd5 49. Ra6 Rxc2 50. f4 Ke4 51. f5 Rf2 52. g4 Ke5 53. Kg6
Rf4 54. Ra5+ Ke4 55. g5 Rxf5 56. Rxa2 Rb5 57. Rf2 Rb8 58. Kg7 Ke5 59. g6 Ke6
60. Kh7 Rb3 61. g7 Rh3+ 62. Kg8 Rb3 63. Rh2 Kf6 64. Kh8 1-0

[Event "26th WSCC 2016 Open 65+"]
[Site "Marianske Lazne, Czech Republic - Hotel Cristal and Continental"]
[Date "2016.11.23"]
[Round "5.38"]
[White "Singer, Hans"]
[Black "Ladisic, Alex-Sacha"]
[Result "1/2-1/2"]
[WhiteElo "2202"]
[BlackElo "1970"]
[PlyCount "54"]
[EventDate "2016.11.19"]

1. d4 Nf6 2. c4 d6 3. Nc3 e5 4. Nf3 Nc6 5. d5 Ne7 6. e4 Ng6 7. g3 Be7 8. h4 h6
9. h5 Nf8 10. Be2 N8h7 11. Be3 O-O 12. Nd2 c5 13. f4 Bd7 14. Bf3 Qc8 15. Qe2
Ng4 16. Bg1 a6 17. Nd1 b5 18. Ne3 Nhf6 19. Rc1 Rb8 20. b3 Bd8 21. Nxg4 Nxg4 22.
Qd3 exf4 23. gxf4 Re8 24. Kd1 Ba5 25. Rh4 Bd8 26. Rh1 Ba5 27. Rh4 Bd8 1/2-1/2

[Event "26th WSCC 2016 Open 65+"]
[Site "Marianske Lazne, Czech Republic - Hotel Cristal and Continental"]
[Date "2016.11.23"]
[Round "5.39"]
[White "Doubleday, William G"]
[Black "Gergel, Vladimir P"]
[Result "0-1"]
[WhiteElo "2013"]
[BlackElo "2201"]
[PlyCount "98"]
[EventDate "2016.11.19"]

1. d4 d5 2. c4 e6 3. Nc3 Nf6 4. Nf3 c6 5. e3 Bd6 6. b3 O-O 7. Bb2 Nbd7 8. Bd3
Qe7 9. O-O e5 10. dxe5 Nxe5 11. Nxe5 Qxe5 12. g3 Bh3 13. Re1 Rad8 14. f4 Qe6
15. cxd5 cxd5 16. Qf3 Bg4 17. Qf2 Bb4 18. a3 Bxc3 19. Bxc3 Ne4 20. Qb2 Qg6 21.
Bd4 b6 22. Rac1 Bf5 23. Bb1 h5 24. Qg2 Rc8 25. h3 Nxg3 26. Bxf5 Nxf5 27. Qxg6
fxg6 28. Kf2 Rfe8 29. Be5 Kf7 30. e4 Rxc1 31. Rxc1 dxe4 32. Rc4 e3+ 33. Ke2 Re7
34. Bc3 Ng3+ 35. Kf3 Nf5 36. a4 a5 37. Be1 Rd7 38. Ke2 h4 39. Re4 Rc7 40. b4
axb4 41. Rxb4 Rc6 42. a5 bxa5 43. Rb7+ Ke6 44. Bxa5 Rc2+ 45. Kd3 Rh2 46. Rb6+
Kf7 47. Rb7+ Kg8 48. Rb8+ Kh7 49. Re8 Rxh3 0-1

[Event "26th WSCC 2016 Open 65+"]
[Site "Marianske Lazne, Czech Republic - Hotel Cristal and Continental"]
[Date "2016.11.23"]
[Round "5.40"]
[White "Sprotte, Norbert"]
[Black "Green, Per"]
[Result "1-0"]
[WhiteElo "2196"]
[BlackElo "1967"]
[PlyCount "115"]
[EventDate "2016.11.19"]

1. d4 Nf6 2. Nf3 e6 3. e3 d5 4. c4 c5 5. Nc3 Nc6 6. a3 cxd4 7. exd4 dxc4 8.
Bxc4 Be7 9. O-O O-O 10. Re1 a6 11. Bg5 b5 12. Bb3 Bb7 13. Qd3 Re8 14. Rad1 b4
15. Na4 bxa3 16. bxa3 Na5 17. Bc2 g6 18. Nc5 Bd5 19. Ne5 Qc8 20. Ba4 Bc6 21.
Nxc6 Nxc6 22. Bxf6 Bxf6 23. Qf3 Bxd4 24. Nb3 Ne5 25. Qg3 Bb2 26. Bxe8 Qxe8 27.
Rxe5 Bxe5 28. Qxe5 Qa4 29. Rd3 Rc8 30. h3 Qxa3 31. Rf3 Rd8 32. Qc7 Rf8 33. Nc5
Qc1+ 34. Kh2 e5 35. Qxe5 Qd1 36. Ne4 f5 37. Qe7 Rf7 38. Qe8+ Kg7 39. Ng5 Qd6+
40. g3 Re7 41. Rd3 Qc5 42. Qf7+ Kh6 43. Qf8+ Kxg5 44. Re3 Rc7 45. f4+ Kh5 46.
g4+ fxg4 47. Re5+ Qxe5 48. hxg4+ Kxg4 49. fxe5 Rc2+ 50. Kg1 Re2 51. Qf6 a5 52.
e6 a4 53. e7 a3 54. Kf1 Re4 55. Kf2 a2 56. Qf3+ Kg5 57. Qxe4 a1=Q 58. e8=Q 1-0

[Event "26th WSCC 2016 Open 65+"]
[Site "Marianske Lazne, Czech Republic - Hotel Cristal and Continental"]
[Date "2016.11.23"]
[Round "5.41"]
[White "Kazantsev, Valentin"]
[Black "Friedman, Josef"]
[Result "1/2-1/2"]
[WhiteElo "1953"]
[BlackElo "2187"]
[PlyCount "39"]
[EventDate "2016.11.19"]

1. e4 c5 2. Nf3 e6 3. c3 d5 4. exd5 Qxd5 5. d4 Nf6 6. Be2 cxd4 7. Qxd4 Nc6 8.
Qxd5 Nxd5 9. O-O Be7 10. Nbd2 O-O 11. Nc4 Rd8 12. Nfe5 Nxe5 13. Nxe5 Bd6 14.
Nc4 Bc7 15. Bf3 Rb8 16. g3 b6 17. Ne3 Bb7 18. Nxd5 Bxd5 19. Bxd5 Rxd5 20. Be3
1/2-1/2

[Event "26th WSCC 2016 Open 65+"]
[Site "Marianske Lazne, Czech Republic - Hotel Cristal and Continental"]
[Date "2016.11.23"]
[Round "5.42"]
[White "Wheeler, Robert"]
[Black "Hanisch, Friedrich"]
[Result "1/2-1/2"]
[WhiteElo "2007"]
[BlackElo "2160"]
[PlyCount "42"]
[EventDate "2016.11.19"]

1. Nf3 d5 2. d4 c6 3. c4 e6 4. e3 Nf6 5. Nc3 Nbd7 6. Bd3 dxc4 7. Bxc4 b5 8. Bd3
Bb7 9. O-O Bd6 10. Re1 O-O 11. e4 e5 12. h3 Re8 13. a3 a5 14. Bg5 h6 15. Be3
Rc8 16. Qc2 b4 17. axb4 Bxb4 18. dxe5 Nxe5 19. Nxe5 Rxe5 20. Bf4 Re8 21. Re2
Nh5 1/2-1/2

[Event "26th WSCC 2016 Open 65+"]
[Site "Marianske Lazne, Czech Republic - Hotel Cristal and Continental"]
[Date "2016.11.23"]
[Round "5.43"]
[White "Gal, Moshe"]
[Black "Kopecek, Ivan"]
[Result "1-0"]
[WhiteElo "2150"]
[BlackElo "1910"]
[PlyCount "97"]
[EventDate "2016.11.19"]

1. d4 Nf6 2. Bf4 e6 3. e3 Be7 4. Nd2 c5 5. c3 Nc6 6. Bd3 cxd4 7. exd4 Nd5 8.
Bg3 O-O 9. Be4 f5 10. Bxd5 exd5 11. Ne2 d6 12. h4 Na5 13. Nf4 Re8 14. Kf1 b5
15. Qf3 Bb7 16. Qh5 Qd7 17. Nf3 Bf6 18. Ng5 g6 19. Nxg6 hxg6 20. Qxg6+ Qg7 21.
Qxf5 Nc4 22. Bf4 Nb6 23. Qd3 a6 24. Rh3 Bxg5 25. Rg3 Bxf4 26. Rxg7+ Kxg7 27.
Qf5 Rf8 28. Qg4+ Kh7 29. Qh5+ Kg7 30. Re1 Rf7 31. g3 Bd2 32. Re6 Rg8 33. Rxd6
Nc4 34. Qg6+ Kh8 35. Qxf7 Nxd6 36. Qf6+ Rg7 37. Qxd6 Bc1 38. h5 Kh7 39. f4 Bxb2
40. h6 Rf7 41. Qe6 Rc7 42. g4 Bxc3 43. Qf5+ Kg8 44. Qg6+ Kh8 45. Qf6+ Kh7 46.
g5 Ba5 47. f5 Bb4 48. g6+ Kxh6 49. Qh4+ 1-0

[Event "26th WSCC 2016 Open 65+"]
[Site "Marianske Lazne, Czech Republic - Hotel Cristal and Continental"]
[Date "2016.11.23"]
[Round "5.44"]
[White "Marsina, Stefan"]
[Black "Vechet, Stanislav"]
[Result "1-0"]
[WhiteElo "1910"]
[BlackElo "2149"]
[PlyCount "35"]
[EventDate "2016.11.19"]

1. d4 Nf6 2. Nf3 d5 3. c4 e6 4. Nc3 c6 5. e3 Bd6 6. b3 Nbd7 7. Bd3 O-O 8. O-O
Qe7 9. Bb2 c5 10. Re1 cxd4 11. exd4 Ba3 12. Rb1 Bxb2 13. Rxb2 Qb4 14. Qc1 Rd8
15. Nb5 Nf8 16. c5 Rd7 17. Nd6 Ne8 18. Nxe8 1-0

[Event "26th WSCC 2016 Open 65+"]
[Site "Marianske Lazne, Czech Republic - Hotel Cristal and Continental"]
[Date "2016.11.23"]
[Round "5.45"]
[White "Ilyes, Peter"]
[Black "Kjolberg, Lars"]
[Result "1/2-1/2"]
[WhiteElo "1892"]
[BlackElo "2140"]
[PlyCount "49"]
[EventDate "2016.11.19"]

1. e4 e6 2. d3 d5 3. Nd2 Nf6 4. Ngf3 Nc6 5. c3 a5 6. a4 Be7 7. e5 Nd7 8. d4 O-O
9. Bb5 f6 10. Qe2 fxe5 11. dxe5 Nc5 12. Nd4 Na7 13. O-O c6 14. Bd3 Nxd3 15.
Qxd3 c5 16. Nc2 Nc6 17. f4 c4 18. Qe3 Bd7 19. Nf3 Qe8 20. Qf2 Qg6 21. Be3 Rac8
22. Rad1 h6 23. Kh1 Kh8 24. Ncd4 Nxd4 25. Nxd4 1/2-1/2

[Event "26th WSCC 2016 Open 65+"]
[Site "Marianske Lazne, Czech Republic - Hotel Cristal and Continental"]
[Date "2016.11.23"]
[Round "5.46"]
[White "Agzamov, Valeriy"]
[Black "Sevenyuk, Alexey"]
[Result "1/2-1/2"]
[WhiteElo "2137"]
[BlackElo "1877"]
[PlyCount "28"]
[EventDate "2016.11.19"]

1. e4 c5 2. Nf3 d6 3. d4 cxd4 4. Nxd4 Nf6 5. Nc3 g6 6. Be3 Bg7 7. f3 O-O 8. Qd2
Nc6 9. Bc4 Bd7 10. Bb3 Na5 11. h4 h5 12. Bh6 Qb6 13. O-O-O Nxb3+ 14. Nxb3 Kh7
1/2-1/2

[Event "26th WSCC 2016 Open 65+"]
[Site "Marianske Lazne, Czech Republic - Hotel Cristal and Continental"]
[Date "2016.11.23"]
[Round "5.47"]
[White "Ofstad, Per"]
[Black "Kayaman, Metin"]
[Result "1-0"]
[WhiteElo "2129"]
[BlackElo "1732"]
[PlyCount "83"]
[EventDate "2016.11.19"]

1. e4 c5 2. Nc3 Nc6 3. Nge2 Nf6 4. d4 cxd4 5. Nxd4 d6 6. Bg5 e6 7. Qd2 a6 8.
Be2 Bd7 9. a4 Nxd4 10. Qxd4 Bc6 11. O-O Be7 12. Bf3 Qc7 13. Rad1 O-O 14. Rfe1
Rfd8 15. Be3 Nd7 16. Qd2 Nc5 17. Ra1 b6 18. Bd4 e5 19. Be3 Qb7 20. b4 Ne6 21.
b5 axb5 22. axb5 Be8 23. Nd5 Nc5 24. Qb4 Bf8 25. Be2 f5 26. Bc4 Bf7 27. Bxc5
dxc5 28. Qb3 Rxa1 29. Rxa1 Rd6 30. f3 g6 31. Ra6 Kg7 32. Qa2 Bxd5 33. Bxd5 Qe7
34. c4 Kf6 35. Ra8 Rd8 36. Qa6 Qd6 37. Ra7 Rb8 38. Rf7+ Kg5 39. Rxh7 fxe4 40.
fxe4 Qd8 41. Qa3 Qf6 42. Qg3# 1-0

[Event "26th WSCC 2016 Open 65+"]
[Site "Marianske Lazne, Czech Republic - Hotel Cristal and Continental"]
[Date "2016.11.23"]
[Round "5.48"]
[White "Karmov, Mazhmudin"]
[Black "Horak, Miroslav"]
[Result "1-0"]
[WhiteElo "2122"]
[BlackElo "1686"]
[PlyCount "47"]
[EventDate "2016.11.19"]

1. e4 c5 2. Nc3 Nc6 3. g3 g6 4. Bg2 Bg7 5. f4 e6 6. d3 d6 7. Nf3 Nge7 8. Be3
O-O 9. O-O Rb8 10. Qd2 b5 11. a3 Nd4 12. Ra2 Nec6 13. Ne1 a5 14. Nd1 Bb7 15. a4
b4 16. c3 bxc3 17. bxc3 Nb3 18. Qc2 Ba8 19. Ra3 Qb6 20. Rf2 Ne7 21. Qa2 d5 22.
Rb2 Qc7 23. Raxb3 d4 24. cxd4 1-0

[Event "26th WSCC 2016 Open 65+"]
[Site "Marianske Lazne, Czech Republic - Hotel Cristal and Continental"]
[Date "2016.11.23"]
[Round "5.50"]
[White "Lind, Jan-Olov"]
[Black "Blaushtain, Boris"]
[Result "1-0"]
[WhiteElo "2213"]
[BlackElo "1991"]
[PlyCount "73"]
[EventDate "2016.11.19"]

1. e4 e6 2. d3 c5 3. Nf3 Nc6 4. g3 b6 5. Bg2 Bb7 6. O-O Nf6 7. Re1 Be7 8. c3
O-O 9. d4 d5 10. e5 Ne4 11. a3 cxd4 12. cxd4 Na5 13. Nfd2 Nxd2 14. Nxd2 Rc8 15.
b4 Nc4 16. Nxc4 Rxc4 17. Bf1 Rc7 18. Bd3 Qd7 19. Qh5 g6 20. Qe2 Rfc8 21. Bd2
Qd8 22. h4 Bc6 23. b5 Bd7 24. h5 Bg5 25. f4 Bh6 26. Kg2 f5 27. hxg6 hxg6 28.
Rh1 Bg7 29. g4 Kf7 30. gxf5 exf5 31. Bb4 Be6 32. Rag1 Qd7 33. Kf3 Qe8 34. Qg2
Kg8 35. Qh2 Re7 36. Qh7+ Kf7 37. Rxg6 1-0

[Event "26th WSCC 2016 Open 65+"]
[Site "Marianske Lazne, Czech Republic - Hotel Cristal and Continental"]
[Date "2016.11.23"]
[Round "5.51"]
[White "Krstic, Slobodan"]
[Black "Raikin, Leonid"]
[Result "1/2-1/2"]
[WhiteElo "1993"]
[BlackElo "2180"]
[PlyCount "47"]
[EventDate "2016.11.19"]

1. e4 c6 2. d4 d5 3. e5 Bf5 4. Ne2 e6 5. Ng3 Bg6 6. h4 h6 7. Be3 Ne7 8. Bd3
Bxd3 9. Qxd3 h5 10. Bg5 Nd7 11. Nc3 a6 12. O-O c5 13. Nxd5 Nxe5 14. dxe5 Qxd5
15. Qe3 Nc6 16. Rfe1 Qd4 17. Qe2 Qg4 18. Qf1 Qb4 19. Qd3 Qd4 20. Qe2 Qg4 21.
Qf1 Qb4 22. Qd3 Qd4 23. Qe2 Qg4 24. Qf1 1/2-1/2

[Event "26th WSCC 2016 Open 65+"]
[Site "Marianske Lazne, Czech Republic - Hotel Cristal and Continental"]
[Date "2016.11.23"]
[Round "5.52"]
[White "De Haro, Martim Afonso Palma"]
[Black "Tchetchelnitski, Boris"]
[Result "1/2-1/2"]
[WhiteElo "1990"]
[BlackElo "2144"]
[PlyCount "95"]
[EventDate "2016.11.19"]

1. d4 Nf6 2. Nc3 e6 3. e4 Bb4 4. Bd3 c5 5. a3 cxd4 6. axb4 dxc3 7. e5 Nd5 8.
Qg4 Kf8 9. b5 Qc7 10. Nf3 d6 11. exd6 Qxd6 12. bxc3 Qc7 13. O-O Nd7 14. c4 N5f6
15. Qh4 b6 16. Bb2 Bb7 17. Ng5 Nc5 18. Ra3 a5 19. Bxf6 gxf6 20. Nxh7+ Rxh7 21.
Bxh7 Ke7 22. Rg3 Rh8 23. Re1 Nd7 24. Rg7 Rf8 25. Bd3 Qd6 26. Qg3 Ne5 27. Qe3
Rc8 28. Qh6 a4 29. Qh7 Rf8 30. Be4 Bc8 31. Qh6 a3 32. Qc1 Bd7 33. Rg3 Nxc4 34.
Rc3 Rc8 35. Bc6 Qb4 36. Rxc4 Qxc4 37. Qxa3+ Qc5 38. Qxc5+ bxc5 39. Bxd7 Kxd7
40. c4 Ra8 41. h4 f5 42. Kh1 Ra4 43. Rc1 Ra2 44. Kh2 Rxf2 45. Kg3 Ra2 46. h5
Ke7 47. Rb1 Kd8 48. b6 1/2-1/2

[Event "26th WSCC 2016 Open 65+"]
[Site "Marianske Lazne, Czech Republic - Hotel Cristal and Continental"]
[Date "2016.11.23"]
[Round "5.53"]
[White "Mlynek, Petr"]
[Black "Strand, Kjetil"]
[Result "1-0"]
[WhiteElo "2139"]
[BlackElo "1990"]
[PlyCount "109"]
[EventDate "2016.11.19"]

1. d4 d5 2. c4 c6 3. Nc3 dxc4 4. e3 b5 5. a4 b4 6. Ne4 Qd5 7. Nd2 c3 8. bxc3
bxc3 9. Nb1 Qa5 10. Qc2 Na6 11. Nxc3 Nb4 12. Qd2 Nf6 13. Ba3 e6 14. f3 Nbd5 15.
Nxd5 Qxd2+ 16. Kxd2 Nxd5 17. Bxf8 Rxf8 18. Rb1 a5 19. Bc4 Nb4 20. Ne2 Ke7 21.
Rhc1 Ba6 22. Bxa6 Rxa6 23. Rc5 Rd8 24. Nf4 f6 25. Nd3 Rb8 26. e4 Rbb6 27. Rb2
Kd7 28. Rh5 Ra7 29. Rxh7 Kd6 30. f4 Rbb7 31. Kc3 Nxd3 32. Rxb7 Rxb7 33. Kxd3 c5
34. dxc5+ Kxc5 35. Rh5+ Kb4 36. Rb5+ Rxb5 37. axb5 Kxb5 38. g4 Kc5 39. h4 a4
40. h5 Kd6 41. Kc4 e5 42. f5 a3 43. Kb3 Kc5 44. g5 fxg5 45. f6 gxf6 46. h6 Kd4
47. h7 Kxe4 48. h8=Q f5 49. Qh1+ Kf4 50. Qh2+ Ke4 51. Qg3 f4 52. Qxg5 f3 53.
Qg3 Ke3 54. Qxe5+ Kd3 55. Qe1 1-0

[Event "26th WSCC 2016 Open 65+"]
[Site "Marianske Lazne, Czech Republic - Hotel Cristal and Continental"]
[Date "2016.11.23"]
[Round "5.54"]
[White "Vrabec, Milos"]
[Black "Trojan, Lubos"]
[Result "1/2-1/2"]
[WhiteElo "2138"]
[BlackElo "1987"]
[PlyCount "52"]
[EventDate "2016.11.19"]

1. e4 e6 2. d4 d5 3. e5 c5 4. c3 Ne7 5. Nf3 Nec6 6. Bd3 Be7 7. a3 Nd7 8. b4 b6
9. h4 h6 10. h5 a5 11. b5 Na7 12. a4 Bb7 13. Rh3 Qc7 14. Rg3 Bf8 15. Bf4 O-O-O
16. Rg4 Kb8 17. Ra2 Ka8 18. Re2 Nc8 19. Kf1 Ne7 20. Nh4 Rc8 21. Kg1 Qd8 22. Rg3
Ng8 23. Rh3 Be7 24. Nf3 Qf8 25. Nh4 Qd8 26. Nf3 Qf8 1/2-1/2

[Event "26th WSCC 2016 Open 65+"]
[Site "Marianske Lazne, Czech Republic - Hotel Cristal and Continental"]
[Date "2016.11.23"]
[Round "5.55"]
[White "Jorgensen, Arne Bjorn"]
[Black "Goncharov, Viktor"]
[Result "0-1"]
[WhiteElo "1965"]
[BlackElo "2125"]
[PlyCount "104"]
[EventDate "2016.11.19"]

1. d4 Nf6 2. Nf3 e6 3. c4 Bb4+ 4. Bd2 Qe7 5. e3 b6 6. Nc3 Bb7 7. g3 Bxc3 8.
Bxc3 Ne4 9. Rc1 d6 10. Bg2 Nd7 11. O-O Nxc3 12. Rxc3 a5 13. b3 O-O 14. Re1 Rad8
15. e4 e5 16. Rd3 Nf6 17. d5 Bc8 18. Nh4 g5 19. Nf5 Bxf5 20. exf5 Qd7 21. g4 h6
22. a4 Kg7 23. h3 Rh8 24. Qd2 Ra8 25. Be4 Rag8 26. Rg3 Kf8 27. f3 Qe7 28. Re2
Nd7 29. Rgg2 Qf6 30. Rh2 h5 31. Reg2 Nc5 32. Qc2 Rh6 33. Rg3 Rgh8 34. Kf1 Ke7
35. Kg1 Kd7 36. Kf1 Qd8 37. Kg1 f6 38. Bd3 R8h7 39. Bf1 Qe7 40. Re2 Qe8 41. Re3
Re7 42. Bd3 Rh8 43. Re1 Kc8 44. Re3 Reh7 45. Bf1 Qe7 46. Re1 Re8 47. Bd3 e4 48.
Bxe4 Qe5 49. Rg2 hxg4 50. hxg4 Reh8 51. Kf1 Rh1+ 52. Ke2 R8h2 0-1

[Event "26th WSCC 2016 Open 65+"]
[Site "Marianske Lazne, Czech Republic - Hotel Cristal and Continental"]
[Date "2016.11.23"]
[Round "5.56"]
[White "Taksrud, Vidar"]
[Black "Gundersen, Helge"]
[Result "0-1"]
[WhiteElo "1964"]
[BlackElo "2120"]
[PlyCount "50"]
[EventDate "2016.11.19"]

1. d4 e6 2. c4 f5 3. Nc3 Nf6 4. Bg5 Bb4 5. e3 Bxc3+ 6. bxc3 O-O 7. Bd3 d6 8.
Qf3 Nbd7 9. Ne2 Qe8 10. Nf4 e5 11. Nd5 e4 12. Qxf5 Nc5 13. Nxf6+ gxf6 14. Qd5+
Be6 15. Bxe4 Bxd5 16. Bxd5+ Kg7 17. dxc5 fxg5 18. Bxb7 Rb8 19. c6 Qe5 20. O-O
Qxc3 21. Rac1 Qe5 22. Rcd1 Rf5 23. Rd4 Rbf8 24. g4 Rf4 25. exf4 Qxd4 0-1

[Event "26th WSCC 2016 Open 65+"]
[Site "Marianske Lazne, Czech Republic - Hotel Cristal and Continental"]
[Date "2016.11.23"]
[Round "5.57"]
[White "Ricter, Jean-Paul"]
[Black "Mckerracher, Douglas"]
[Result "1/2-1/2"]
[WhiteElo "2108"]
[BlackElo "1962"]
[PlyCount "102"]
[EventDate "2016.11.19"]

1. e4 d5 2. exd5 Qxd5 3. Nc3 Qd8 4. Nf3 Nf6 5. Bc4 a6 6. a4 Nc6 7. h3 Bf5 8. d4
e6 9. O-O Be7 10. Be3 O-O 11. Nh4 Bg6 12. Nxg6 hxg6 13. d5 Na5 14. Ba2 e5 15.
Qe2 Qd7 16. Rfd1 Rfe8 17. Rab1 Bb4 18. Bd2 b6 19. Ra1 Nb7 20. Qc4 Bxc3 21. Bxc3
Nd6 22. Qe2 Nh5 23. Qg4 Qxg4 24. hxg4 Nf6 25. f3 a5 26. Re1 Nd7 27. Bd2 Nc5 28.
Bb1 Re7 29. Be3 Nd7 30. b3 f5 31. gxf5 gxf5 32. Bg5 Ree8 33. c3 g6 34. Bc2 Kg7
35. Kf2 Nf7 36. Bd2 Kf6 37. c4 Nd6 38. Bc3 f4 39. g3 g5 40. g4 Rh8 41. Rh1 Rae8
42. Rae1 Kf7 43. Kg2 Kf6 44. Bb2 Reg8 45. Bc3 Re8 46. Rxh8 Rxh8 47. c5 Nf7 48.
cxb6 cxb6 49. Bb2 Rc8 50. Bf5 Rd8 51. Rc1 Nc5 1/2-1/2

[Event "26th WSCC 2016 Open 65+"]
[Site "Marianske Lazne, Czech Republic - Hotel Cristal and Continental"]
[Date "2016.11.23"]
[Round "5.58"]
[White "Casden, Alan"]
[Black "Barboza, Mauro"]
[Result "1-0"]
[WhiteElo "2102"]
[BlackElo "1944"]
[PlyCount "29"]
[EventDate "2016.11.19"]

1. e4 e5 2. Bc4 Nf6 3. d3 Bc5 4. Nc3 d6 5. f4 Ng4 6. f5 Qh4+ 7. g3 Bf2+ 8. Kf1
Bxg3 9. hxg3 Qxh1 10. Qxg4 Kf8 11. Nd5 Nd7 12. Bg5 f6 13. Nxc7 h5 14. Ne6+ Ke7
15. Bxf6+ 1-0

[Event "26th WSCC 2016 Open 65+"]
[Site "Marianske Lazne, Czech Republic - Hotel Cristal and Continental"]
[Date "2016.11.23"]
[Round "5.59"]
[White "Rucka, Alois"]
[Black "Carlsten, Peter"]
[Result "1-0"]
[WhiteElo "1953"]
[BlackElo "2099"]
[PlyCount "89"]
[EventDate "2016.11.19"]

1. d4 f5 2. c4 Nf6 3. Nf3 g6 4. g3 Bg7 5. Bg2 O-O 6. Nc3 d6 7. O-O Qe8 8. e3 c6
9. Qc2 e5 10. dxe5 dxe5 11. b3 e4 12. Nd4 Nbd7 13. Ba3 Rf7 14. Rad1 Ne5 15. Bd6
Rd7 16. c5 Nf7 17. Rfe1 Nxd6 18. cxd6 Rxd6 19. f3 exf3 20. Bxf3 Be6 21. Nxe6
Rxe6 22. Qd3 Qe7 23. Qc4 Nd7 24. Bd5 cxd5 25. Nxd5 Qf7 26. Nc7 Rae8 27. Nxe8
Qxe8 28. Rd6 Nf8 29. Red1 Qf7 30. Rxe6 Qxe6 31. Rd8 Qxc4 32. bxc4 b6 33. Ra8
Be5 34. Rxa7 Bd6 35. Kf2 Bc5 36. a4 g5 37. Ke2 Ng6 38. a5 bxa5 39. Rxa5 Be7 40.
Rxf5 Nf8 41. c5 Ne6 42. c6 Kg7 43. Re5 Kf6 44. Rd5 h5 45. Rd7 1-0